01082nam a2200193Ia 4500001001100000003001000011008004100021040002500062041001300087100001900100245001700119250001100136260006400147300001200211500026000223501011400483520026000597650003100857L922-41243IT-CnALBA170116s9999||||xx |||||||||||||| ||und|| aIT-CnALBAcIT-CnALBA aITALIANO aWILSON WOODROW 0aWASHINGTON.  a2a ed. aMILANObDALL'OGLIO CORBACCIO EDITORE c1956 [1° Ed.: n.d.] a352 p.  aBIBLIOTECA DI BERTOLA CARLO. TRADUZIONE DALL'INGLESE. ILLUSTRAZIONI, INDICE. PRIMO PRESIDENTE USA. MONUMENTO. IL COLONNELLO. ISPEZIONE DELLE TRUPPE. GENERALE DELLO ESERCITO RIVOLUZIONARIO. INDIPENDENZA DEGLI STATI UNITI. MASSACRO DI BOSTON. THOMAS PLAINE. aSocietà San Paolo EM - Piazza San Paolo, 14 - 12051 ALBA (CN) (non commercial uses only) ® Copyright 2017 aBIBLIOTECA DI BERTOLA CARLO. TRADUZIONE DALL'INGLESE. ILLUSTRAZIONI, INDICE. PRIMO PRESIDENTE USA. MONUMENTO. IL COLONNELLO. ISPEZIONE DELLE TRUPPE. GENERALE DELLO ESERCITO RIVOLUZIONARIO. INDIPENDENZA DEGLI STATI UNITI. MASSACRO DI BOSTON. THOMAS PLAINE. aBIOGRAFIE, UOMINI ILLUSTRI